Statistics for Wards of Osaka City

Click here to take the quiz!

General Stats

  • This quiz has been taken 10 times
  • The average score is 16 of 24

Answers on the Map

Answers color-coded by a green-red scale on the quiz's map according to % correct below.
 

Answer Stats

Answer% Correct
Tennoji 天王寺
88%
Yodogawa 淀川
88%
Abeno 阿倍野
75%
Chuo 中央
75%
Higashiyodogawa 東淀川
75%
Kita 北
75%
Konohana 此花
75%
Minato 港
75%
Nishi 西
75%
Nishinari 西成
75%
Nishiyodogawa 西淀川
75%
Taisho 大正
75%
Fukushima 福島
63%
Higashinari 東成
63%
Naniwa 浪速
63%
Sumiyoshi 住吉
63%
Asahi 旭
50%
Higashisumiyoshi 東住吉
50%
Hirano 平野
50%
Ikuno 生野
50%
Miyakojima 都島
50%
Suminoe 住之江
50%
Joto 城東
38%
Tsurumi 鶴見
38%

Score Distribution

Percentile by Number Answered

Percent of People with Each Score

Your Score History

You have not taken this quiz